Broken ladder 3 (Record no. 114909)

MARC details
000 -LEADER
fixed length control field 00966cad a22001935a 4500
001 - CONTROL NUMBER
control field L157665
008 - FIXED-LENGTH DATA ELEMENTS--GENERAL INFORMATION
fixed length control field 130225s2013 xxk f 000 0 eng d
035 ## - SYSTEM CONTROL NUMBER
System control number (Sirsi) u157665
041 0# - LANGUAGE CODE
Language code of text/sound track or separate title eng
110 2# - MAIN ENTRY--CORPORATE NAME
Corporate name or jurisdiction name as entry element Home Builders Federation
9 (RLIN) 4896
245 00 - TITLE STATEMENT
Title Broken ladder 3
Remainder of title the locked out generation
Medium [electronic resource]
260 ## - PUBLICATION, DISTRIBUTION, ETC.
Place of publication, distribution, etc. London
Name of publisher, distributor, etc. HBF
Date of publication, distribution, etc. 2013
520 ## - SUMMARY, ETC.
Summary, etc. Discusses the affordability gap faced by first time buyers. Highlights the proportion of salary and length of time first buyers have to save for a deposit in order to be able to get onto the property ladder which has increased due to the shortage of available mortgage finance. Average house price to earnings ratio remains high.
590 ## - LOCAL NOTE (RLIN)
Local note KA
651 #4 - SUBJECT ADDED ENTRY--GEOGRAPHIC NAME
Geographic name England and Wales
Chronological subdivision 1543-
690 ## - LOCAL SUBJECT ADDED ENTRY--TOPICAL TERM (OCLC, RLIN)
Topical term or geographic name as entry element Residential property
9 (RLIN) 6266
856 40 - ELECTRONIC LOCATION AND ACCESS
Uniform Resource Identifier <a href="https://www.hbf.co.uk/uploads/media/broken_ladder_3_-_the_locked_out_generation_11.pdf">https://www.hbf.co.uk/uploads/media/broken_ladder_3_-_the_locked_out_generation_11.pdf</a>
Public note View this item free of charge at www.hbf.co.uk
942 ## - ADDED ENTRY ELEMENTS (KOHA)
Suppress in OPAC 0
Holdings
Withdrawn status Lost status Source of classification or shelving scheme Damaged status Not for loan Home library Current library Shelving location Date acquired Total Checkouts Full call number Barcode Date last seen Copy number Price effective from Koha item type
    Dewey Decimal Classification     Virtual Virtual Online 25/02/2013   ONLINE PUBLICATION 157665-2001 06/08/2019 1 06/08/2019 Book